书目信息 |
| 题名: |
细胞培养与蛋白质工程
|
|
| 作者: | 范代娣 | |
| 分册: | ||
| 出版信息: | 北京 化学工业出版社 2000 |
|
| 页数: | 217 | |
| 开本: | 20cm | |
| 丛书名: | ||
| 单 册: | ||
| 中图分类: | Q753 | |
| 科图分类: | ||
| 主题词: | 分子遗传学 | |
| 电子资源: | ||
| ISBN: | 7-5025-2950-0 | |
| 000 | 00516nam0 2200181 450 | |
| 001 | 0741144344 | |
| 005 | 20070817112544.34 | |
| 010 | @a7-5025-2950-0@d¥20.00 | |
| 100 | @a20070817d km y0chiy0120 ea | |
| 101 | 0 | @achi |
| 200 | 1 | @a细胞培养与蛋白质工程@Axi bao pei yang yu dan bai zhi gong cheng@f范代娣@Ffan dai di |
| 210 | @a北京@c化学工业出版社@d2000 | |
| 215 | @a217@d20cm | |
| 606 | 0 | @a分子遗传学 |
| 690 | @aQ753@v3 | |
| 701 | 0 | @a范代娣@Afan dai di |
| 801 | 0 | @aCN@bPFT@c20070817 |
| 905 | @a213230@dQ753@en4@f1 | |
| 细胞培养与蛋白质工程/范代娣.-北京:化学工业出版社,2000 |
| 217;20cm |
| ISBN 7-5025-2950-0:¥20.00 |
| ● |
| 相关链接 |
|
|
|
|
正题名:细胞培养与蛋白质工程
索取号:Q753/n4
 
预约/预借
| 序号 | 登录号 | 条形码 | 馆藏地/架位号 | 状态 | 备注 |
| 1 | 6600251 | 266002513 | 密集书库-生命科学系/ [索取号:Q753/n4] | 在馆 | |
| 2 | 6600252 | 266002522 | 密集书库-生命科学系/ [索取号:Q753/n4] | 在馆 |